Born in Palo Alto/California - Statistics

General Stats
  • This quiz has been taken 27 times
    8 since last reset
  • The average score is 2 of 14
Answer Stats
Hint Answer % Correct
Actor, "Now You See Me" "21 Jump Street" "Nerve" 1985 Dave Franco
50%
Actor, "Spider-Man" "127 Hours" "The Disaster Artist" 1978 James Franco
50%
Governor of Illinois since 2019 1965 J. B. Pritzker
33%
Director, "Crazy Rich Asians" "In the Heights" "Wicked" 1979 Jon M. Chu
33%
Outfielder who plays for the Arizona Diamondbacks 1992 Joc Pederson
17%
Director and choreographer, "High School Musical" "Descendants" "Julie and the Phantoms" 1950 Kenny Ortega
17%
Lead guitarist and co-lead vocalist of Fleetwood Mac 1949 Lindsey Buckingham
17%
Actress, known for her roles as Susan Mayer in "Desperate Housewives" and Lois Lane in "Lois & Clark: The New Adventures of Superman" 1964 Teri Hatcher
17%
Actress, "Yentl" "Traffic" "The Fury" 1953 Amy Irving
0%
Manager of the San Francisco Giants 1961 Bob Melvin
0%
Nobel Prize winning physicist who was one of the first to synthesize the Bose-Einstein condensate 1961 Eric Cornell
0%
Former swimmer and winner of a Olympic silver medal and two bronze medals 1989 Katie Hoff
0%
Actor, "Top Gun" "The Terminator" "Pacific Blue" 1957 Rick Rossovich
0%
Actor, known for his role as Joe Corbin in "Sleepy Hollow" 1985 Zach Appelman
0%
No matching quizzes found
Score Distribution
Percent of People with Each Score
Percentile by Number Answered
Your Score History
You have not taken this quiz since the last reset